Information Technology Simplified/ (Record no. 11161)
[ view plain ]
| 000 -LEADER | |
|---|---|
| fixed length control field | 00512nam a22001577a 4500 |
| 008 - FIXED-LENGTH DATA ELEMENTS--GENERAL INFORMATION | |
| fixed length control field | 160523b xxu||||| |||| 00| 0 eng d |
| 020 ## - INTERNATIONAL STANDARD BOOK NUMBER | |
| International Standard Book Number | 9966282637 |
| 050 ## - LIBRARY OF CONGRESS CALL NUMBER | |
| Classification number | QA76 |
| Item number | .S25 2011 |
| 100 ## - MAIN ENTRY--PERSONAL NAME | |
| Personal name | Saleemi, Nisah Ahmad |
| 245 ## - TITLE STATEMENT | |
| Title | Information Technology Simplified/ |
| Remainder of title | Saleemi, N. A. |
| 250 ## - EDITION STATEMENT | |
| Edition statement | 3rd Ed. |
| Remainder of edition statement | East Africa Edition |
| 260 ## - PUBLICATION, DISTRIBUTION, ETC. (IMPRINT) | |
| Place of publication, distribution, etc. | Nairobi, Kenya: |
| Name of publisher, distributor, etc. | Saleemi publications LTD, |
| Date of publication, distribution, etc. | 2012 |
| 300 ## - PHYSICAL DESCRIPTION | |
| Extent | 358P. |
| Other physical details | ill, |
| 650 ## - SUBJECT ADDED ENTRY--TOPICAL TERM | |
| Topical term or geographic name as entry element | Information technology |
| 942 ## - ADDED ENTRY ELEMENTS (KOHA) | |
| Source of classification or shelving scheme | |
| Koha item type | Hard Covered Materials |
| Classification part | QA76.S25 2011 |
| Koha issues (borrowed), all copies | 32 |
| Withdrawn status | Lost status | Source of classification or shelving scheme | Damaged status | Not for loan | Home library | Current library | Shelving location | Date acquired | Cost, normal purchase price | Total Checkouts | Full call number | Barcode | Date last seen | Date last checked out | Price effective from | Koha item type |
|---|---|---|---|---|---|---|---|---|---|---|---|---|---|---|---|---|
| MACHAKOS UNIVERSITY LIBRARY | MACHAKOS UNIVERSITY LIBRARY | Short Loan | 23/05/2016 | 720.00 | 55 | QA76.S25 2011 | 4775 | 02/03/2024 | 02/03/2024 | 23/05/2016 | Hard Covered Materials |